Sports Click Chain #1 - Statistics

General Stats
  • This quiz has been taken 433 times
  • The average score is 15 of 30
Answer Stats
Hint Answer % Correct
Soccer's All Time Leading Scorer Is... Cristiano Ronaldo
90%
Whose logo features a... Devil
84%
Who played in the premier league for... Manchester United
77%
Which is an NHL Team in... New Jersey
68%
Who was a German woman that played... Tennis
61%
Who is known for his unusual... Laugh
60%
Which was the year that the Ballon D'Or was won by... Lionel Messi
60%
Which rhymes with... Graf
59%
Who currently plays in the... MLS
59%
Which is a word in which language... Spanish
58%
Which is a city in... England
55%
Whose newest team is... San Diego FC
55%
Whose mother tongue is... Italian
53%
Which is the language spoken by referees in the... Serie A
50%
Which is spoken in... Argentina
49%
Which is also a team in... San Francisco
49%
Which was 2 years before the Olympics would be held in... Barcelona
48%
Which is the home to the... Giants
48%
Which competes in the same city as the... Padres
47%
Who are rivals with... Real Madrid
47%
Which is home to... Harry Kane
45%
Which hosted its first NFL game in... 1990
43%
Which became the home of the Warriors in... 2019
43%
Whose best ever NBA player is... Manu Ginobili
41%
Who was originally drafted by the... Hawks
39%
Who currently plays in... Germany
36%
Who had a forward from 2020-2022 named... Danilo Gallinari
35%
Who played alongside... Kawhi Leonard
34%
Where this player played from 2015-2018: Luka Doncic
32%
Which was invented in... Birmingham
18%
No matching quizzes found
Score Distribution
Percent of People with Each Score
Percentile by Number Answered
Your Score History
You have not taken this quiz